[Event "Torneo Magistral Mario Dario López"]
[Site "Santa Cruz BOL"]
[Date "2008.04.22"]
[Round "5.4"]
[White "Ferrufino, Boris"]
[Black "Sustach, Marcos Antonio"]
[Result "1-0"]
[WhiteElo "2199"]
[BlackElo "2254"]
[PlyCount "89"]
[EventDate "2008.03.20"]
[EventType "tourn"]
[EventRounds "9"]
[EventCountry "BOL"]
[EventCategory "4"]
[Source "lmi"]
[SourceDate "2008.03.20"]

1. d4 Nf6 2. Nf3 e6 3. Nbd2 d5 4. e3 c5 5. c3 cxd4 6. exd4 Bd6 7. Bd3 Nbd7 8.
O-O O-O 9. Re1 Rb8 10. a4 Qc7 11. Qe2 Re8 12. Ne5 Nf8 13. Ndf3 N6d7 14. Ng5 f5
15. Ngf3 Nf6 16. c4 N8d7 17. c5 Bxe5 18. Nxe5 g6 19. Qf3 Nxe5 20. Rxe5 Bd7 21.
Bf4 Qa5 22. Re2 Rbc8 23. Bd2 Qc7 24. b4 b6 25. Bf4 Qb7 26. Be5 Ng4 27. Bd6 bxc5
28. bxc5 Qb4 29. Qf4 Qc3 30. Rd1 Bxa4 31. Qc1 Qxd4 32. Rdd2 Qg7 33. h3 Nh6 34.
Be5 Qf8 35. Ra2 Rxc5 36. Qf4 Bb5 37. Bd6 Qg7 38. Bxc5 Bxd3 39. Bd4 Qf8 40. Re3
Bc4 41. Rxa7 Nf7 42. Qh4 e5 43. Rxe5 Rxe5 44. Bxe5 Qe8 45. Qf6 1-0

[Event "Torneo Magistral Mario Dario López"]
[Site "Santa Cruz BOL"]
[Date "2008.04.22"]
[Round "5.5"]
[White "Gutierrez, Carmelo"]
[Black "Lopez, Mario Iver"]
[Result "0-1"]
[WhiteElo "2310"]
[BlackElo "2279"]
[PlyCount "128"]
[EventDate "2008.03.20"]
[EventType "tourn"]
[EventRounds "9"]
[EventCountry "BOL"]
[EventCategory "4"]
[Source "lmi"]
[SourceDate "2008.03.20"]

1. d4 Nf6 2. Nc3 g6 3. e4 d6 4. f4 Bg7 5. Nf3 O-O 6. Be3 c6 7. Bd3 b5 8. Qd2 b4
9. Nd1 a5 10. a3 bxa3 11. Rxa3 Bb7 12. Nf2 Nbd7 13. O-O c5 14. Rfa1 c4 15. Bxc4
Nxe4 16. Nxe4 Bxe4 17. Ng5 Bb7 18. Rxa5 Rxa5 19. Rxa5 h6 20. Nf3 Bxf3 21. gxf3
Nb6 22. Bd3 d5 23. b3 e6 24. Ra6 Nd7 25. Kg2 Nf6 26. Kf1 Nh5 27. Ke1 Kh7 28.
Kd1 Qb8 29. Kc1 Rc8 30. Kb1 Bf8 31. h3 Bb4 32. Qh2 Bc3 33. h4 Kg7 34. Ra4 Qc7
35. Ra6 Be1 36. Qh1 Bg3 37. Qg2 Re8 38. f5 exf5 39. Bd2 Be1 40. Bc1 Bc3 41. Bd2
Bxd4 42. Bxf5 Bf6 43. Bg4 Qe5 44. c3 d4 45. Rxf6 Nxf6 46. c4 d3 47. f4 Qd4 48.
Bf3 Ne4 49. Bxe4 Rxe4 50. Bc3 Qxc3 51. Qxe4 Qxb3+ 52. Ka1 Qc3+ 53. Kb1 d2 54.
Qc2 Qd4 55. Qd1 Qxf4 56. h5 Qxc4 57. Qxd2 Qb5+ 58. Kc2 Qxh5 59. Qe3 Qf5+ 60.
Kd1 g5 61. Qd4+ Qf6 62. Qe4 h5 63. Qd5 h4 64. Qg2 Qa1+ 0-1

[Event "Torneo Magistral Mario Dario López"]
[Site "Santa Cruz BOL"]
[Date "2008.04.23"]
[Round "6.1"]
[White "Coelho, Luis Henrique"]
[Black "Pacheco, Daniel"]
[Result "1-0"]
[WhiteElo "2392"]
[BlackElo "2318"]
[PlyCount "59"]
[EventDate "2008.03.20"]
[EventType "tourn"]
[EventRounds "9"]
[EventCountry "BOL"]
[EventCategory "4"]
[Source "lmi"]
[SourceDate "2008.03.20"]

1. d4 Nf6 2. c4 c5 3. d5 g6 4. Nc3 Bg7 5. e4 d6 6. Nf3 O-O 7. h3 b5 8. cxb5 a6
9. a4 Qa5 10. Bd2 e6 11. Ra3 Re8 12. Be2 exd5 13. exd5 Qb4 14. O-O c4 15. Nd4
Qc5 16. Be3 Qb4 17. Qc1 axb5 18. Nc2 Qxa3 19. bxa3 bxa4 20. Nb4 Na6 21. Nc6 Nd7
22. Bxc4 Nac5 23. Nb5 Nb3 24. Bxb3 axb3 25. Nc7 Ba6 26. Rd1 Be2 27. Rd2 b2 28.
Rxb2 Bxb2 29. Qxb2 Bc4 30. Nxa8 1-0

[Event "Torneo Magistral Mario Dario López"]
[Site "Santa Cruz BOL"]
[Date "2008.04.23"]
[Round "6.2"]
[White "Zambrana, Oswaldo"]
[Black "Gutierrez, Carmelo"]
[Result "1/2-1/2"]
[WhiteElo "2492"]
[BlackElo "2310"]
[PlyCount "67"]
[EventDate "2008.03.20"]
[EventType "tourn"]
[EventRounds "9"]
[EventCountry "BOL"]
[EventCategory "4"]
[Source "lmi"]
[SourceDate "2008.03.20"]

1. e4 c5 2. Nf3 e6 3. d4 cxd4 4. Nxd4 a6 5. c4 Nf6 6. Nc3 Qc7 7. a3 Nxe4 8.
Nxe4 Qe5 9. Qc2 f5 10. Ne2 fxe4 11. Bf4 Qf5 12. Be3 Nc6 13. Nc3 d5 14. Rd1 dxc4
15. Bxc4 Ne5 16. Nxe4 Bd7 17. Bb3 Rc8 18. Nd6+ Bxd6 19. Qxf5 exf5 20. Rxd6 Nc4
21. Rd3 Nxb2 22. Rd5 Nc4 23. O-O Be6 24. Bxc4 Rxc4 25. Rd6 Kf7 26. Rb1 Bc8 27.
Rb4 Rc3 28. a4 Re8 29. g3 Re7 30. Kg2 Bd7 31. Bg5 Bc6+ 32. Rxc6 bxc6 33. Bxe7
Kxe7 34. Rb7+ 1/2-1/2

[Event "Torneo Magistral Mario Dario López"]
[Site "Santa Cruz BOL"]
[Date "2008.04.23"]
[Round "6.3"]
[White "Sustach, Marcos Antonio"]
[Black "Campero, Ronald"]
[Result "0-1"]
[WhiteElo "2254"]
[BlackElo "2262"]
[PlyCount "84"]
[EventDate "2008.03.20"]
[EventType "tourn"]
[EventRounds "9"]
[EventCountry "BOL"]
[EventCategory "4"]
[Source "lmi"]
[SourceDate "2008.03.20"]

1. c4 c6 2. Nf3 d5 3. b3 Bf5 4. Bb2 e6 5. d3 Nf6 6. Nbd2 Nbd7 7. g3 h6 8. Bg2
Be7 9. O-O O-O 10. Rc1 Re8 11. Rc2 Bf8 12. Qa1 a5 13. a3 Qb6 14. Ne5 Rad8 15.
h3 Nxe5 16. Bxe5 d4 17. Nf3 c5 18. b4 Rd7 19. bxc5 Bxc5 20. Rb1 Qa7 21. Rcb2
Red8 22. Bf4 g5 23. Bd2 b6 24. Ne5 Kh7 25. Nxd7 Nxd7 26. Rb5 Qc7 27. Bc1 Qe5
28. Kf1 Bg6 29. a4 f5 30. Ba3 Bh5 31. R1b2 g4 32. Bxc5 Nxc5 33. Rxb6 f4 34.
hxg4 Bxg4 35. gxf4 Qxf4 36. Rc6 Rf8 37. Qe1 Qh2 38. Qxa5 Rxf2+ 39. Kxf2 Qf4+
40. Bf3 Nxd3+ 41. Kf1 Bh3+ 42. Kg1 Qg3+ 0-1

[Event "Torneo Magistral Mario Dario López"]
[Site "Santa Cruz BOL"]
[Date "2008.04.23"]
[Round "6.4"]
[White "Rodriguez Vila, Andres"]
[Black "Ferrufino, Boris"]
[Result "1-0"]
[WhiteElo "2566"]
[BlackElo "2199"]
[PlyCount "141"]
[EventDate "2008.03.20"]
[EventType "tourn"]
[EventRounds "9"]
[EventCountry "BOL"]
[EventCategory "4"]
[Source "lmi"]
[SourceDate "2008.03.20"]

1. e4 c5 2. Nf3 Nc6 3. d4 cxd4 4. Nxd4 Nf6 5. Nc3 e5 6. Ndb5 d6 7. Bg5 a6 8.
Na3 b5 9. Nd5 Be7 10. Bxf6 Bxf6 11. c3 Bg5 12. Nc2 Ne7 13. Ncb4 O-O 14. a4 bxa4
15. Qxa4 a5 16. Nxe7+ Qxe7 17. Bc4 Bd7 18. Qa2 Qe8 19. Nd5 Bd8 20. O-O Rb8 21.
Rfd1 Kh8 22. Qa3 Bc6 23. b3 Bxd5 24. Bxd5 Qe7 25. Ra2 f5 26. exf5 Rxf5 27. Be4
Rf4 28. f3 Bb6+ 29. Kh1 Rbf8 30. Re2 R4f6 31. Qc1 Rc8 32. Rd3 Qc7 33. Qb1 g6
34. g3 Bc5 35. Ra2 Rb8 36. Bd5 Bb6 37. Qc1 Kg7 38. h4 Qe7 39. Rh2 h6 40. Qe1
Rc8 41. Qe4 Rc5 42. Bc4 Qc7 43. Ra2 Qc8 44. Kg2 Qf5 45. Qb7+ Rc7 46. Qd5 Qc8
47. Qb5 Qf5 48. g4 Qc8 49. Bd5 Bc5 50. b4 e4 51. Bxe4 Re7 52. Bd5 axb4 53. cxb4
Ba7 54. Qc6 Qb8 55. Qa8 Rf8 56. Qxb8 Rxb8 57. Be4 Rb6 58. b5 Bb8 59. Bc6 Kf6
60. f4 h5 61. gxh5 gxh5 62. Rd5 Bc7 63. Rxh5 Rb8 64. Kf3 Bb6 65. Ra8 Rxa8 66.
Bxa8 Ra7 67. Rh6+ Ke7 68. Bc6 Ra4 69. h5 Ba5 70. Rh7+ Kf6 71. Bd5 1-0

[Event "Torneo Magistral Mario Dario López"]
[Site "Santa Cruz BOL"]
[Date "2008.04.23"]
[Round "6.5"]
[White "Monroy Carrizo, Javier"]
[Black "Trois, Francisco R.T"]
[Result "0-1"]
[WhiteElo "2242"]
[BlackElo "2352"]
[PlyCount "122"]
[EventDate "2008.03.20"]
[EventType "tourn"]
[EventRounds "9"]
[EventCountry "BOL"]
[EventCategory "4"]
[Source "lmi"]
[SourceDate "2008.03.20"]

1. d4 Nf6 2. Nf3 d6 3. g3 Nbd7 4. Bg2 e5 5. e3 c6 6. O-O Be7 7. c4 O-O 8. Nc3
Re8 9. b3 Bf8 10. Bb2 a6 11. a4 a5 12. Re1 Qc7 13. h3 h6 14. Nh4 Qb6 15. Qc2
Qc7 16. Rad1 Nb6 17. f4 exd4 18. exd4 Rxe1+ 19. Rxe1 Bd7 20. g4 Re8 21. Rf1 Qd8
22. Qf2 Nh7 23. Be4 Bc8 24. Ng2 Nd7 25. d5 Nc5 26. Bb1 g6 27. Ne2 Bg7 28. Bxg7
Kxg7 29. Ng3 cxd5 30. cxd5 Kg8 31. Kh2 Bd7 32. f5 g5 33. f6 Re5 34. Qc2 Nf8 35.
Qc4 Qb6 36. Bc2 Qb4 37. Rf3 Qd2 38. Ne4 Qxd5 39. Qxd5 Rxd5 40. Ne3 Rd4 41. Nxc5
dxc5 42. Rf2 Be6 43. Nf5 Bxf5 44. Bxf5 Rd6 45. h4 gxh4 46. Kh3 Nh7 47. Kxh4
Nxf6 48. Rf3 b6 49. Re3 Rd4 50. Kh3 Rb4 51. Bc8 Kg7 52. Rg3 Ne4 53. Re3 Nd2 54.
Kh4 Rxb3 55. Re8 Nf3+ 56. Kg3 c4 57. Ba6 Nd4+ 58. Kf2 c3 59. Rc8 c2 60. Ke1
Rb1+ 61. Kd2 Rd1+ 0-1

[Event "Torneo Magistral Mario Dario López"]
[Site "Santa Cruz BOL"]
[Date "2008.04.23"]
[Round "7.1"]
[White "Campero, Ronald"]
[Black "Rodriguez Vila, Andres"]
[Result "1-0"]
[WhiteElo "2262"]
[BlackElo "2566"]
[PlyCount "57"]
[EventDate "2008.03.20"]
[EventType "tourn"]
[EventRounds "9"]
[EventCountry "BOL"]
[EventCategory "4"]
[Source "lmi"]
[SourceDate "2008.03.20"]

1. e4 e6 2. d3 d5 3. Nd2 Nf6 4. Ngf3 Bc5 5. Be2 O-O 6. O-O b6 7. c3 Ba6 8. b4
Be7 9. a4 dxe4 10. dxe4 Bxe2 11. Qxe2 a5 12. b5 Qc8 13. c4 Qb7 14. e5 Nfd7 15.
Ne4 Nc5 16. Nxc5 Bxc5 17. h4 Nd7 18. h5 h6 19. Bf4 Rfd8 20. g4 Bf8 21. Nd4 Nc5
22. Nc6 Nb3 23. Qf3 Nc5 24. Rfd1 Rxd1+ 25. Rxd1 Re8 26. g5 Qc8 27. gxh6 gxh6
28. Kh2 Bg7 29. Bxh6 1-0

[Event "Torneo Magistral Mario Dario López"]
[Site "Santa Cruz BOL"]
[Date "2008.04.23"]
[Round "7.2"]
[White "Pacheco, Daniel"]
[Black "Monroy Carrizo, Javier"]
[Result "1-0"]
[WhiteElo "2318"]
[BlackElo "2242"]
[PlyCount "79"]
[EventDate "2008.03.20"]
[EventType "tourn"]
[EventRounds "9"]
[EventCountry "BOL"]
[EventCategory "4"]
[Source "lmi"]
[SourceDate "2008.03.20"]

1. d4 Nf6 2. Nf3 b6 3. c4 Bb7 4. Nc3 g6 5. g3 Bg7 6. Bg2 c5 7. d5 a6 8. a4 d6
9. O-O O-O 10. Ra2 h6 11. b3 Nbd7 12. Bd2 Re8 13. Nh4 Nf8 14. f4 Qd7 15. Be1
Ng4 16. Bh3 Bd4+ 17. Kh1 f5 18. Bxg4 fxg4 19. f5 g5 20. Ng2 Bg7 21. Ne4 Nh7 22.
Ne3 e6 23. dxe6 Rxe6 24. fxe6 Qxe6 25. Nd5 Qxe4+ 26. Kg1 Bd4+ 27. Bf2 Nf6 28.
Qxd4 Qxd4 29. Ne7+ Kf7 30. Bxd4 cxd4 31. Nf5 Kg6 32. Rd2 d5 33. Ne7+ Kg7 34.
Rxd4 dxc4 35. Rxc4 Ne8 36. Rd4 Nf6 37. Rd6 Re8 38. Nf5+ Kg6 39. Ne3 Bf3 40.
exf3 1-0

[Event "Torneo Magistral Mario Dario López"]
[Site "Santa Cruz BOL"]
[Date "2008.04.23"]
[Round "7.3"]
[White "Gutierrez, Carmelo"]
[Black "Sustach, Marcos Antonio"]
[Result "0-1"]
[WhiteElo "2310"]
[BlackElo "2254"]
[PlyCount "52"]
[EventDate "2008.03.20"]
[EventType "tourn"]
[EventRounds "9"]
[EventCountry "BOL"]
[EventCategory "4"]
[Source "lmi"]
[SourceDate "2008.03.20"]

1. e4 c5 2. Nf3 e6 3. d4 cxd4 4. Nxd4 a6 5. Bd3 Qc7 6. O-O Bc5 7. Nb3 Be7 8.
Qg4 g6 9. f4 d5 10. exd5 Nf6 11. Qf3 Nxd5 12. c3 Nd7 13. N1d2 N7f6 14. Ne4 O-O
15. Nxf6+ Nxf6 16. Be3 Bd7 17. Bd4 Bc6 18. Qe3 Bd5 19. Rae1 Bc4 20. Bxc4 Qxc4
21. f5 Nd5 22. Qh6 Bf6 23. fxe6 fxe6 24. Qh3 Rae8 25. Bc5 Rf7 26. Rxe6 Bd4+ 0-1

[Event "Torneo Magistral Mario Dario López"]
[Site "Santa Cruz BOL"]
[Date "2008.04.23"]
[Round "7.4"]
[White "Lopez, Mario Iver"]
[Black "Zambrana, Oswaldo"]
[Result "1/2-1/2"]
[WhiteElo "2279"]
[BlackElo "2492"]
[PlyCount "60"]
[EventDate "2008.03.20"]
[EventType "tourn"]
[EventRounds "9"]
[EventCountry "BOL"]
[EventCategory "4"]
[Source "lmi"]
[SourceDate "2008.03.20"]

1. e4 c5 2. Nf3 d6 3. g3 Nc6 4. Bg2 g6 5. O-O Bg7 6. d3 e5 7. h3 Nge7 8. Nc3
O-O 9. Be3 Nd4 10. Kh2 h6 11. Ng1 Kh7 12. Nce2 d5 13. c3 Ne6 14. f4 exf4 15.
gxf4 f5 16. e5 b6 17. Nf3 Ba6 18. d4 Qd7 19. Rg1 Qb5 20. Ng3 Qxb2 21. Rc1 Rg8
22. h4 Raf8 23. Rc2 Qa3 24. Bh3 Bc8 25. h5 g5 26. Bc1 Qa4 27. fxg5 cxd4 28.
cxd4 hxg5 29. Nxg5+ Nxg5 30. Bxg5 Nc6 1/2-1/2

[Event "Torneo Magistral Mario Dario López"]
[Site "Santa Cruz BOL"]
[Date "2008.04.23"]
[Round "7.5"]
[White "Ferrufino, Boris"]
[Black "Coelho, Luis Henrique"]
[Result "0-1"]
[WhiteElo "2199"]
[BlackElo "2392"]
[PlyCount "64"]
[EventDate "2008.03.20"]
[EventType "tourn"]
[EventRounds "9"]
[EventCountry "BOL"]
[EventCategory "4"]
[Source "lmi"]
[SourceDate "2008.03.20"]

1. d4 Nf6 2. Nf3 e6 3. Nbd2 d5 4. e3 c5 5. c3 Nc6 6. Bd3 Bd6 7. O-O O-O 8. dxc5
Bxc5 9. e4 Qc7 10. Qe2 h6 11. Kh1 Bb6 12. h3 Nh5 13. Nb3 Bxf2 14. Qxf2 dxe4 15.
Bxe4 Ng3+ 16. Kg1 Nxe4 17. Qh4 f5 18. Nfd4 e5 19. Nxc6 bxc6 20. Be3 f4 21. Rad1
Bf5 22. Bc1 Rae8 23. Qe1 Ng3 24. Rf2 e4 25. Nd4 e3 26. Rf3 Bg6 27. Rxg3 fxg3
28. Bxe3 Re4 29. Qd2 Rfe8 30. Nc2 R4e6 31. Bf4 Qb6+ 32. Nd4 Re2 0-1

[Event "Torneo Magistral Mario Dario López"]
[Site "Santa Cruz BOL"]
[Date "2008.04.24"]
[Round "8.1"]
[White "Rodriguez Vila, Andres"]
[Black "Gutierrez, Carmelo"]
[Result "1-0"]
[WhiteElo "2566"]
[BlackElo "2310"]
[PlyCount "43"]
[EventDate "2008.03.20"]
[EventType "tourn"]
[EventRounds "9"]
[EventCountry "BOL"]
[EventCategory "4"]
[Source "lmi"]
[SourceDate "2008.03.20"]

1. e4 e5 2. Nf3 Nf6 3. Qe2 Nc6 4. c3 g6 5. d4 Qe7 6. d5 Nb8 7. c4 Bg7 8. Nc3
O-O 9. h3 c6 10. g4 cxd5 11. cxd5 a6 12. Bg2 b5 13. O-O d6 14. b4 Nbd7 15. Be3
Bb7 16. Nd2 Rac8 17. Rac1 Rc7 18. Nxb5 Rxc1 19. Rxc1 axb5 20. Rc7 Rb8 21. Qxb5
Bxd5 22. Qxb8+ 1-0

[Event "Torneo Magistral Mario Dario López"]
[Site "Santa Cruz BOL"]
[Date "2008.04.24"]
[Round "8.2"]
[White "Sustach, Marcos Antonio"]
[Black "Lopez, Mario Iver"]
[Result "1/2-1/2"]
[WhiteElo "2254"]
[BlackElo "2279"]
[PlyCount "41"]
[EventDate "2008.03.20"]
[EventType "tourn"]
[EventRounds "9"]
[EventCountry "BOL"]
[EventCategory "4"]
[Source "lmi"]
[SourceDate "2008.03.20"]

1. e4 c5 2. f4 Nc6 3. Nc3 g6 4. Nf3 Bg7 5. Bb5 Nd4 6. Nxd4 cxd4 7. Ne2 Qb6 8.
Bd3 d6 9. b3 e6 10. Bb2 Ne7 11. O-O Bd7 12. Kh1 f5 13. c3 dxc3 14. Bxc3 O-O 15.
Qe1 Rae8 16. Rc1 e5 17. fxe5 dxe5 18. exf5 Nxf5 19. Bb2 Qa5 20. Bc3 Qb6 21. Bb2
1/2-1/2

[Event "Torneo Magistral Mario Dario López"]
[Site "Santa Cruz BOL"]
[Date "2008.04.24"]
[Round "8.3"]
[White "Monroy Carrizo, Javier"]
[Black "Ferrufino, Boris"]
[Result "1-0"]
[WhiteElo "2242"]
[BlackElo "2199"]
[PlyCount "111"]
[EventDate "2008.03.20"]
[EventType "tourn"]
[EventRounds "9"]
[EventCountry "BOL"]
[EventCategory "4"]
[Source "lmi"]
[SourceDate "2008.03.20"]

1. d4 Nf6 2. Nf3 g6 3. g3 Bg7 4. c4 d6 5. Bg2 O-O 6. O-O c5 7. e3 Nc6 8. Nc3
Bg4 9. h3 Bf5 10. Re1 Ne4 11. Nxe4 Bxe4 12. a3 Qb6 13. d5 Na5 14. Nd2 Bd3 15.
Bf1 Bxf1 16. Rxf1 a6 17. Rb1 Qc7 18. Qe2 b5 19. cxb5 axb5 20. Qxb5 Rfb8 21. Qe2
Nb3 22. Nxb3 Rxb3 23. Qc2 Qb7 24. e4 Bd4 25. Kh2 Qb5 26. Kg2 c4 27. Be3 Bxb2
28. Bg5 f6 29. Bh6 Raxa3 30. Rfd1 Ra8 31. h4 c3 32. h5 Kf7 33. Rd3 Rb4 34. Re1
Qa4 35. Qe2 Qd7 36. Rf3 Rc8 37. hxg6+ hxg6 38. Bc1 c2 39. Qd2 Bxc1 40. Rxc1
Rbc4 41. Qh6 Rg8 42. Rf4 Qa4 43. Qh3 Rxe4 44. Qe6+ Rxe6 45. dxe6+ Kxe6 46. Rxa4
Kd5 47. Rxc2 e5 48. Rd2+ Ke6 49. Ra6 Rd8 50. g4 f5 51. g5 e4 52. Kg3 Ke5 53.
Ra5+ d5 54. f4+ Ke6 55. Ra6+ Ke7 56. Rd4 1-0

[Event "Torneo Magistral Mario Dario López"]
[Site "Santa Cruz BOL"]
[Date "2008.04.24"]
[Round "8.4"]
[White "Coelho, Luis Henrique"]
[Black "Campero, Ronald"]
[Result "1/2-1/2"]
[WhiteElo "2392"]
[BlackElo "2262"]
[PlyCount "58"]
[EventDate "2008.03.20"]
[EventType "tourn"]
[EventRounds "9"]
[EventCountry "BOL"]
[EventCategory "4"]
[Source "lmi"]
[SourceDate "2008.03.20"]

1. d4 Nf6 2. c4 g6 3. Nf3 Bg7 4. g3 d5 5. cxd5 Nxd5 6. Bg2 O-O 7. O-O Nc6 8.
Nc3 Nb6 9. e3 Bg4 10. h3 Bd7 11. Qe2 Qc8 12. Kh2 a5 13. Rd1 a4 14. e4 e5 15.
dxe5 Nxe5 16. Nxe5 Bxe5 17. Bh6 a3 18. f4 axb2 19. fxe5 bxa1=Q 20. Rxa1 Qe8 21.
e6 Qxe6 22. Qb2 f6 23. Bxf8 Rxf8 24. Nd5 Nxd5 25. exd5 Qe5 26. Qxe5 fxe5 27.
Rc1 Rc8 28. Re1 Re8 29. Rc1 Rc8 1/2-1/2

[Event "Torneo Magistral Mario Dario López"]
[Site "Santa Cruz BOL"]
[Date "2008.04.24"]
[Round "8.5"]
[White "Trois, Francisco R.T"]
[Black "Pacheco, Daniel"]
[Result "1/2-1/2"]
[WhiteElo "2352"]
[BlackElo "2318"]
[PlyCount "89"]
[EventDate "2008.03.20"]
[EventType "tourn"]
[EventRounds "9"]
[EventCountry "BOL"]
[EventCategory "4"]
[Source "lmi"]
[SourceDate "2008.03.20"]

1. d4 Nf6 2. Nf3 c5 3. d5 g6 4. Nc3 Bg7 5. e4 O-O 6. h3 d6 7. Bd3 a6 8. a4 e6
9. Be3 Kh8 10. a5 Ne8 11. Qc1 Nc7 12. dxe6 Bxe6 13. O-O Nc6 14. Ng5 Nd4 15. f4
c4 16. Nxe6 fxe6 17. Bxc4 d5 18. Ba2 Ncb5 19. Qd1 Nxc3 20. bxc3 Nb5 21. e5 Nxc3
22. Qd3 Rc8 23. Bb3 Qh4 24. Rf3 Rf7 25. Raf1 Bf8 26. Kh1 Bb4 27. Bb6 Qe7 28. g4
Rcf8 29. f5 gxf5 30. gxf5 Qh4 31. fxe6 Rxf3 32. Rxf3 Qe1+ 33. Kg2 Rg8+ 34. Rg3
Qxe5 35. Bd4 Rxg3+ 36. Kh1 Rxh3+ 37. Kg2 Rg3+ 38. Kh1 Rxd3 39. Bxe5+ Kg8 40.
cxd3 Bxa5 41. Bxc3 Bxc3 42. Bxd5 Kf8 43. Bxb7 a5 44. Bc6 Ke7 45. Bd7 1/2-1/2

[Event "Torneo Magistral Mario Dario López"]
[Site "Santa Cruz BOL"]
[Date "2008.03.25"]
[Round "9.1"]
[White "Ferrufino, Boris"]
[Black "Trois, Francisco R.T"]
[Result "1/2-1/2"]
[WhiteElo "2199"]
[BlackElo "2352"]
[PlyCount "32"]
[EventDate "2008.03.20"]
[EventType "tourn"]
[EventRounds "9"]
[EventCountry "BOL"]
[EventCategory "4"]
[Source "lmi"]
[SourceDate "2008.03.20"]

1. d4 Nf6 2. Nf3 g6 3. Nbd2 d5 4. e3 Bg7 5. b4 c6 6. Bb2 Nbd7 7. c4 a5 8. b5
O-O 9. cxd5 cxd5 10. Rc1 e5 11. Nxe5 Nxe5 12. dxe5 Ng4 13. Nf3 Qe7 14. Be2 Nxe5
15. Nxe5 Bxe5 16. Bxe5 Qxe5 1/2-1/2

[Event "Torneo Magistral Mario Dario López"]
[Site "Santa Cruz BOL"]
[Date "2008.03.25"]
[Round "9.2"]
[White "Campero, Ronald"]
[Black "Monroy Carrizo, Javier"]
[Result "1-0"]
[WhiteElo "2262"]
[BlackElo "2242"]
[PlyCount "71"]
[EventDate "2008.03.20"]
[EventType "tourn"]
[EventRounds "9"]
[EventCountry "BOL"]
[EventCategory "4"]
[Source "lmi"]
[SourceDate "2008.03.20"]

1. e4 d6 2. Nf3 g6 3. g3 Bg7 4. Bg2 c5 5. O-O Nc6 6. d3 Nf6 7. Nc3 Bd7 8. h3 a6
9. a4 b6 10. Be3 e5 11. Nd5 Nxd5 12. exd5 Ne7 13. Ng5 h6 14. Ne4 Nc8 15. c3 f5
16. Nd2 h5 17. Nc4 h4 18. d4 hxg3 19. dxe5 gxf2+ 20. Bxf2 dxe5 21. d6 e4 22.
Qd5 Ra7 23. Bxe4 Qf6 24. Bg2 Kd8 25. Rfe1 f4 26. a5 b5 27. Bxc5 Qf5 28. Bb6+
Nxb6 29. axb6 Qxd5 30. Bxd5 Rb7 31. Bxb7 bxc4 32. Bg2 Bf8 33. Rxa6 Bxd6 34.
Ra8+ Bc8 35. b7 Kd7 36. bxc8=Q+ 1-0

[Event "Torneo Magistral Mario Dario López"]
[Site "Santa Cruz BOL"]
[Date "2008.03.25"]
[Round "9.3"]
[White "Gutierrez, Carmelo"]
[Black "Coelho, Luis Henrique"]
[Result "0-1"]
[WhiteElo "2310"]
[BlackElo "2392"]
[PlyCount "106"]
[EventDate "2008.03.20"]
[EventType "tourn"]
[EventRounds "9"]
[EventCountry "BOL"]
[EventCategory "4"]
[Source "lmi"]
[SourceDate "2008.03.20"]

1. e4 e6 2. d4 d5 3. Nc3 Nf6 4. e5 Nfd7 5. f4 c5 6. Nf3 Nc6 7. Be3 cxd4 8. Nxd4
Bc5 9. Qd2 O-O 10. O-O-O a6 11. Qf2 Qe7 12. Bd3 Nxd4 13. Bxd4 b5 14. Ne2 b4 15.
h4 a5 16. h5 Ba6 17. Bxc5 Nxc5 18. Nd4 Rfc8 19. Kb1 b3 20. a3 bxc2+ 21. Bxc2
Rab8 22. Rh3 Qb7 23. b3 Ne4 24. Bxe4 dxe4 25. Qe3 Bd3+ 26. Ka1 Qc7 27. Qd2 Qc5
28. Qb2 Rd8 29. Rhxd3 exd3 30. Rxd3 Rd5 31. Rd2 Rbd8 32. Nf3 Rxd2 33. Nxd2 Qe3
34. Nc4 Qxf4 35. a4 h6 36. Ka2 Rd1 37. Ka3 Qf1 38. Nxa5 Qe1 39. Nc4 Ra1+ 40.
Qxa1 Qxa1+ 41. Kb4 Qe1+ 42. Kb5 Qd1 43. a5 Qxb3+ 44. Kc5 Qb7 45. Nb6 Qa6 46.
Kb4 f6 47. exf6 gxf6 48. Nd7 e5 49. Nc5 Qc6 50. a6 Qxg2 51. Kb5 e4 52. a7 e3
53. Kb6 Qa8 0-1

[Event "Torneo Magistral Mario Dario López"]
[Site "Santa Cruz BOL"]
[Date "2008.03.25"]
[Round "9.4"]
[White "Lopez, Mario Iver"]
[Black "Rodriguez Vila, Andres"]
[Result "0-1"]
[WhiteElo "2279"]
[BlackElo "2566"]
[PlyCount "102"]
[EventDate "2008.03.20"]
[EventType "tourn"]
[EventRounds "9"]
[EventCountry "BOL"]
[EventCategory "4"]
[Source "lmi"]
[SourceDate "2008.03.20"]

1. e4 e6 2. d4 d5 3. Nd2 Nf6 4. e5 Nfd7 5. Bd3 c5 6. c3 Nc6 7. Ne2 cxd4 8. cxd4
f6 9. exf6 Nxf6 10. Nf3 Qc7 11. O-O Bd6 12. Bg5 O-O 13. Bh4 Nh5 14. Qc2 h6 15.
Bh7+ Kh8 16. Bg6 Nf4 17. Nxf4 Bxf4 18. Bg3 Rf6 19. Rac1 Bxg3 20. hxg3 Qd8 21.
a3 Bd7 22. Rfe1 Qb6 23. Qd3 Raf8 24. Rxc6 Bxc6 25. b4 Bb5 26. Qb1 Rxf3 27. gxf3
Rxf3 28. Qc1 Bc4 29. Qd1 Rf6 30. Bb1 Kg8 31. Kg2 a5 32. Qd2 axb4 33. axb4 Qd6
34. Re3 Qf8 35. Ra3 h5 36. Re3 Rh6 37. Bd3 h4 38. Bxc4 dxc4 39. Qe2 hxg3 40.
Rxg3 Qxb4 41. Qe5 Qf8 42. d5 exd5 43. Qxd5+ Qf7 44. Qd8+ Kh7 45. Qd4 Rh5 46.
Qe4+ Kg8 47. Rf3 Qd5 48. Qe8+ Kh7 49. Qf8 c3 50. Qf4 c2 51. Kg3 Qg5+ 0-1

[Event "Torneo Magistral Mario Dario López"]
[Site "Santa Cruz BOL"]
[Date "2008.03.25"]
[Round "9.5"]
[White "Zambrana, Oswaldo"]
[Black "Sustach, Marcos Antonio"]
[Result "1-0"]
[WhiteElo "2492"]
[BlackElo "2254"]
[PlyCount "77"]
[EventDate "2008.03.20"]
[EventType "tourn"]
[EventRounds "9"]
[EventCountry "BOL"]
[EventCategory "4"]
[Source "lmi"]
[SourceDate "2008.03.20"]

1. e4 c5 2. Nf3 e6 3. d4 cxd4 4. Nxd4 a6 5. c4 Nf6 6. Nc3 Qc7 7. a3 b6 8. Be3
Bb7 9. f3 d6 10. Rc1 Nbd7 11. Be2 Be7 12. O-O O-O 13. b4 Rac8 14. Kh1 Kh8 15.
Qd2 Qb8 16. Nb3 Bd8 17. Rc2 Bc7 18. Bg1 Rg8 19. a4 g5 20. a5 bxa5 21. Nxa5 Ba8
22. Rb2 Rg6 23. c5 Rcg8 24. Nc4 d5 25. exd5 exd5 26. Nd6 Bxd6 27. cxd6 Qxd6 28.
Ne4 Nxe4 29. fxe4 dxe4 30. Rxf7 Rd8 31. Qc3+ Nf6 32. Bh5 Rh6 33. Rf2 Rf8 34.
Rd2 Qb8 35. Rxf8+ Qxf8 36. Bc5 Qb8 37. Rd6 Kg7 38. Qe5 Qb5 39. Qe7+ 1-0

[Event "Torneo Magistral Mario Dario López"]
[Site "Santa Cruz BOL"]
[Date "2008.03.25"]
[Round "10.2"]
[White "Coelho, Luis Henrique"]
[Black "Lopez, Mario Iver"]
[Result "1-0"]
[WhiteElo "2392"]
[BlackElo "2279"]
[PlyCount "39"]
[EventDate "2008.03.20"]
[EventType "tourn"]
[EventRounds "9"]
[EventCountry "BOL"]
[EventCategory "4"]
[Source "lmi"]
[SourceDate "2008.03.20"]

1. d4 Nf6 2. c4 g6 3. Nc3 Bg7 4. e4 d6 5. Nf3 O-O 6. Be2 e5 7. Be3 Ng4 8. Bg5
f6 9. Bh4 g5 10. Bg3 h5 11. h4 gxh4 12. Nxh4 Qe8 13. d5 Bh6 14. Nf5 Bxf5 15.
exf5 Bg7 16. Bxg4 hxg4 17. Qxg4 Rf7 18. O-O-O Kf8 19. Rh7 Qe7 20. Qg6 1-0